Winter, Spring, Summer, or Fall? Quiz Stats

 Plays Quiz Updated Sep 20, 2018

Challenge
Share
Tweet
Embed
Score 0/40 Timer 05:00
0 Plays Today
Question Answer Wrong Answers
The Harder They _____
Humphrey Bogart's final film
Fall
87.4%
Winter
0.3%
Spring
0.6%
Summer
0.2%
_____ Wonderland
Song about building a snowman, pretending he is Parson Brown
Winter
87.3%
Spring
0.4%
Summer
0.8%
Fall
0.1%
_____ From Grace
Loss of status or respect
Fall
86.3%
Winter
0.6%
Spring
1.1%
Summer
0.5%
Things _____ Apart
Chinua Achebe novel (or album by The Roots)
Fall
86.2%
Winter
0.4%
Spring
1.6%
Summer
0.3%
Free _____
Downward movement under the force of gravity
Fall
86.1%
Winter
0.6%
Spring
1.1%
Summer
0.7%
_____ Nights
Iconic song from 'Grease'
Summer
85.7%
Winter
1.7%
Spring
0.6%
Fall
0.3%
_____ Chicken
A young chicken, usually weighing less than 30 ounces
Spring
85.5%
Winter
1.1%
Summer
1.2%
Fall
0.6%
_____ of '69
Bryan Adams hit
Summer
84.6%
Winter
1.2%
Spring
1.7%
Fall
0.9%
_____ Guy
The person to whom blame is falsely attributed
Fall
83.9%
Winter
1.5%
Spring
1.5%
Summer
1.5%
I Know What You Did Last _____
1997 horror movie
Summer
83.8%
Winter
1.4%
Spring
1.7%
Fall
1.4%
_____ Out Boy
'Thnks fr th Mmrs' band
Fall
83.1%
Winter
0.6%
Spring
3.3%
Summer
1.1%
_____ of Love
1967 convergence in San Francisco
Summer
83%
Winter
1.3%
Spring
2.7%
Fall
1.3%
Indian _____
Unseasonably warm period in autumn in the Northern Hemisphere
Summer
81.6%
Winter
1.6%
Spring
2%
Fall
3.3%
_____ on Me
R.E.M. single from 1986
Fall
80.9%
Winter
0.5%
Spring
6.3%
Summer
0.6%
Poland _____
Popular bottled water brand
Spring
79.6%
Winter
5.5%
Summer
1.6%
Fall
1.3%
_____ Fever
Restlessness or romantic feelings
Spring
79.1%
Winter
1.5%
Summer
7.3%
Fall
0.6%
_____ in the City
The Lovin' Spoonful number one hit
Summer
78.7%
Winter
2.5%
Spring
5.6%
Fall
1.4%
_____ Training
Preseason for baseball
Spring
78.3%
Winter
3.6%
Summer
4%
Fall
2.4%
Old Man _____
Personification associated with this season
Winter
77.8%
Spring
1.8%
Summer
5.9%
Fall
2.7%
Legends of the _____
Brad Pitt/Anthony Hopkins epic film
Fall
77.2%
Winter
3.3%
Spring
3.8%
Summer
3.9%
_____ Is Coming
Motto of the Stark family in 'A Song of Ice and Fire'
Winter
75%
Spring
8.1%
Summer
4.3%
Fall
0.7%
_____ Breeze
Iconic Seals and Crofts song
Summer
73.3%
Winter
4.4%
Spring
9.3%
Fall
1.4%
The _____ of the House of Usher
Edgar Allan Poe short story
Fall
72.9%
Winter
6.6%
Spring
3.2%
Summer
5.2%
The _____ Soldier
Captain America antagonist
Winter
71.5%
Spring
3.8%
Summer
8.6%
Fall
3.8%
_____ Awakening
Tony award-winning musical
Spring
70.9%
Winter
4.7%
Summer
8%
Fall
4.4%
5 Seconds of _____
Australian 'She Looks So Perfect' pop/rock band
Summer
70.2%
Winter
4.3%
Spring
10.9%
Fall
2.5%
_____ War
Conflict between Finland and USSR, part of World War II
Winter
69.4%
Spring
10.3%
Summer
5.9%
Fall
2.2%
Nuclear _____
Hypothesized effect of nuclear war
Winter
68.9%
Spring
4.7%
Summer
3.6%
Fall
11%
_____ Breakers
2012 James Franco and Vanessa Hudgens film
Spring
66.6%
Winter
4.2%
Summer
8.7%
Fall
8.4%
The Lion in _____
Play and movie about Henry II
Winter
65.7%
Spring
11.4%
Summer
7.3%
Fall
3.7%
Suddenly, Last _____
Tennessee Williams one-act play
Summer
65.5%
Winter
6.7%
Spring
8.4%
Fall
7.2%
Arab _____
Wave of protests, coups, and revolutions in the Arab world
Spring
63.7%
Winter
7.6%
Summer
9.9%
Fall
6.7%
Last of the _____ Wine
British comedy spanning 31 seasons
Summer
61.9%
Winter
9.9%
Spring
10.3%
Fall
5.9%
_____ Tide
A tide just after a new or full moon
Spring
61.3%
Winter
5.1%
Summer
11.8%
Fall
9.8%
Now is the _____ of our discontent
Opening lines of 'Richard III'
Winter
60.2%
Spring
6.1%
Summer
12.7%
Fall
9.2%
The Edgar _____ Group
Band behind 'Frankenstein'
Winter
56.2%
Spring
11.7%
Summer
9.6%
Fall
10.3%
_____ Classic
Nickname for the World Series
Fall
53.6%
Winter
7.6%
Spring
12.3%
Summer
14.8%
Silent _____
Landmark environmental nonfiction work by Rachel Carson
Spring
49.1%
Winter
21.3%
Summer
6.9%
Fall
10.5%
A Hazy Shade of _____
Simon and Garfunkel song from 1966
Winter
46.3%
Spring
7.8%
Summer
26.3%
Fall
7.6%
Appalachian _____
Aaron Copland composition
Spring
44.1%
Winter
17.7%
Summer
15.2%
Fall
10.9%

You're not logged in!

Compare scores with friends on all Sporcle quizzes.
OR
Log In

You Might Also Like...

Show Comments

Extras

Top Quizzes Today


Score Distribution

Your Account Isn't Verified!

In order to create a playlist on Sporcle, you need to verify the email address you used during registration. Go to your Sporcle Settings to finish the process.

Report this User

Report this user for behavior that violates our Community Guidelines.

Details: